LEADER 02557nam a2200613 a 4500
001 001184492
003 CZ BrMZK
005 20210205161014.0
006 m||||||||d||||||||
007 co^cg
008 010907s2011 xr f lat d
040 |a BOA001  |b cze 
043 |a e-xr---  |b e-xr-jm  |2 czenas 
072 7 |a 09  |x Rukopisy, prvotisky, staré tisky. Vzácná a pozoruhodná díla  |2 Konspekt  |9 12 
080 |a 027.53  |2 MRF 
080 |a 025:09  |2 MRF 
080 |a 002.2:004  |2 MRF 
080 |a 091(=124)  |2 MRF 
080 |a 002.1:004.087  |2 MRF 
080 |a 7.025.3/.4  |2 MRF 
080 |a (437.322)  |2 MRF 
080 |a (0.034.2)004.087  |2 MRF 
080 |a (0.034.44)  |2 MRF 
100 0 |a Nicolaus de Lyra,  |d asi 1270-1349  |7 ola2002158792  |4 aut 
245 1 0 |a Postilla super libros Regum  |h [elektronický zdroj]  |b foliace: 93v-189v : excellentuser quality 
246 3 |a Rukopis MT 17 
260 |a Praha :  |b Národní knihovna České republiky,  |c 2011 
300 |a 1 CD-ROM 
490 1 |a Memoriae Mundi Series Bohemica 
500 |a V pouzdře: Projekt Memoria 
505 2 |a Homilia super Math. 20, 20-28 / Jan Zlatoústý. -- Arbor virtutum et vitiorum. -- Prologus in Legendam auream / Jacobus de Voragine. -- De divisione temporis 
538 |a Požadavky na systém: neuvedeny 
610 2 7 |a Memoriae Mundi series Bohemica  |7 kn20021202001  |2 czenas 
610 2 7 |a Moravská zemská knihovna (Brno, Česko)  |7 kn20010709059  |2 czenas 
650 0 7 |a zemské knihovny  |7 ph127610  |z Česko  |2 czenas 
650 0 7 |a vzácné knihovní fondy  |7 ph262214  |z Česko  |2 czenas 
650 0 7 |a digitalizace dokumentů  |7 ph135871  |z Česko  |2 czenas 
650 0 7 |a latinské rukopisy  |7 ph115101  |z Česko  |2 czenas 
650 0 7 |a elektronické zdroje  |7 ph119889  |z Česko  |2 czenas 
650 0 7 |a ochrana kulturního dědictví  |7 ph137196  |z Česko  |2 czenas 
651 7 |a Brno (Česko)  |7 ge134084  |2 czenas 
655 7 |a interaktivní multimédia  |7 fd131998  |2 czenas 
655 7 |a CD-ROM  |7 fd133955  |2 czenas 
700 0 |a Jan Zlatoústý,  |c svatý,  |d asi 347-407  |7 jn20011024076  |4 aut 
700 0 |a Jacobus de Voragine,  |d asi 1230-1298  |7 jn19990003948  |4 aut 
740 0 2 |a Homilia super Math. 20, 20-28 
740 0 2 |a Arbor virtutum et vitiorum 
740 0 2 |a Prologus in Legendam auream 
740 0 2 |a De divisione temporis 
830 0 |a Memoriae Mundi Series Bohemica 
856 4 1 |u http://www.manuscriptorium.com/apps/index.php?direct=record&pid=AIPDIG-MZKB__MT_17_______10FJI0E-xx  |y Digitalizovaný dokument 
910 |a BOA001  |b CDR-1277.036,2 
990 |a BK 
991 |b 201202  |c NOV  |e n